The Simpsons: Most Words Spoken - Statistics

General Stats
  • This quiz has been taken 121 times
  • The average score is 27 of 52
Answer Stats
Rank Gender Answer % Correct
3 Male Bart Simpson
100%
1 Male Homer Simpson
100%
4 Female Lisa Simpson
100%
2 Female Marge Simpson
100%
6 Male Moe Syzlack
89%
7 Male Seymour Skinner
86%
10 Male Abe Simpson
85%
13 Male Milhouse Van Houten
83%
5 Male C. Montgomery Burns
82%
15 Male Lenny Leonard
82%
20 Male Carl Carlson
81%
8 Male Ned Flanders
81%
29 Male Barney Gumble
79%
16 Male Waylon Smithers
75%
17 Male Nelson Muntz
73%
9 Male Krusty the Clown
71%
14 Male Apu Nahasapeemapetilon
70%
35 Male Ralph Wiggum
70%
22 Male Sideshow Bob
66%
27 Female Selma Bouvier
63%
11 Male Clancy Wiggum
62%
31 Female Patty Bouvier
62%
12 Male Kent Brockman
52%
38 Male Jimbo Jones
51%
19 Female Edna Krabappel
50%
34 Male Sideshow Mel
50%
32 Male Martin Prince
49%
26 Male Groundskeeper Willie
46%
39 Male Kirk Van Houten
44%
24 Male Comic Book Guy
41%
45 Male Kearny
40%
36 Male Fat Tony
39%
48 Male Dolph
36%
18 Male Julius Hibbert
36%
37 Male Lou
36%
23 Male Diamond Joe Quimby
32%
33 Male Otto Mann
32%
30 Male Troy McClure
29%
25 Male Gary Chalmers
26%
21 Male Timothy Lovejoy
25%
42 Male Gil Gunderson
24%
47 Female Miss Hoover
21%
44 Male Snake Jailbird
20%
40 Female Agnes Skinner
18%
43 Male Lionel Hutz
18%
41 Male Cletus Spuckler
17%
49 Male Captain McCallister
16%
28 Male John Frink
14%
46 Male Rainier Wolfcastle
13%
44 Male Rich Texan
8%
50 Male Judge Snyder
7%
45 Male Herb Simpson
4%
No matching quizzes found
Score Distribution
Percent of People with Each Score
Percentile by Number Answered
Your Score History
You have not taken this quiz